Quan hệ đặc biệt, hợp tác toàn diện Việt Nam - Lào giai đoạn 1954 - 2017
Giới thiệu về quan hệ Việt Nam - Lào qua các giai đoạn 1954-1964; đoàn kết chiến đấu chống Mỹ, cứu nước (1964-1973); trong giai đoạn cuối của cuộc cách mạng dân tộc dân chủ ở Lào (1973-1975); hợp tác toàn diện đặc biệt (1976-1990); quan hệ hợ...
محفوظ في:
| المؤلف الرئيسي: | |
|---|---|
| التنسيق: | كتاب |
| اللغة: | Undetermined |
| منشور في: |
H.
Thông tin và truyền thông
2017
|
| الموضوعات: | |
| الوصول للمادة أونلاين: | http://lrc.tdmu.edu.vn/opac/search/detail.asp?aID=2&ID=34063 |
| الوسوم: |
إضافة وسم
لا توجد وسوم, كن أول من يضع وسما على هذه التسجيلة!
|
| Thư viện lưu trữ: | Trung tâm Học liệu Trường Đại học Thủ Dầu Một |
|---|
| LEADER | 01248nam a2200205Ia 4500 | ||
|---|---|---|---|
| 001 | TDMU_34063 | ||
| 008 | 210410s9999 xx 000 0 und d | ||
| 082 | |a 658.85 | ||
| 090 | |b L250 | ||
| 100 | |a Lê, Đình Chỉnh | ||
| 245 | 0 | |a Quan hệ đặc biệt, hợp tác toàn diện Việt Nam - Lào giai đoạn 1954 - 2017 | |
| 245 | 0 | |c Lê Đình Chỉnh | |
| 260 | |a H. | ||
| 260 | |b Thông tin và truyền thông | ||
| 260 | |c 2017 | ||
| 300 | |a 350tr. | ||
| 520 | |a Giới thiệu về quan hệ Việt Nam - Lào qua các giai đoạn 1954-1964; đoàn kết chiến đấu chống Mỹ, cứu nước (1964-1973); trong giai đoạn cuối của cuộc cách mạng dân tộc dân chủ ở Lào (1973-1975); hợp tác toàn diện đặc biệt (1976-1990); quan hệ hợp tác toàn diện (1991-2000) và hợp tác toàn diện Việt Nam - Lào (2001-2017) | ||
| 650 | |a Quan hệ hữu nghị |y 1954-2017 |z Việt Nam |z Lào; Hợp tác quốc tế |y 1954-2017 |z Việt Nam |z Lào | ||
| 856 | |u http://lrc.tdmu.edu.vn/opac/search/detail.asp?aID=2&ID=34063 | ||
| 980 | |a Trung tâm Học liệu Trường Đại học Thủ Dầu Một | ||